LEADER 02437oam 2200745 450 001 9910690072503321 005 20190214102356.0 035 $a(CKB)5470000002334535 035 $a(OCoLC)784372560 035 $a(OCoLC)995470000002334535 035 $a(EXLCZ)995470000002334535 100 $a20120405d1988 ua 0 101 0 $aeng 135 $aurbn||||||||| 181 $ctxt$2rdacontent 182 $cc$2rdamedia 183 $acr$2rdacarrier 200 10$aEssential elements and soil amendments for plants $esources and use for agriculture /$fby R.C. Severson and Hansford T. Shacklette 210 1$a[Reston, Virginia] :$cDepartment of the Interior, U.S. Geological Survey,$d1988. 210 3$a[Washington, D.C.] :$cUnited States Government Printing Office,$d1988. 215 $a1 online resource (iii, 48 pages) 225 1 $aU.S. Geological Survey circular ;$v1017 300 $a"Geologic and incidental sources of elements essential for plant growth, and amendments used to improve physical properties of soils." 320 $aIncludes bibliographical references (pages 41-42). 517 $aEssential elements and soil amendments for plants 606 $aCrops and soils 606 $aCrops$xNutrition 606 $aSoil chemistry 606 $aGeochemistry 606 $aFertilizers 606 $aSoil amendments 606 $aCrops and soils$2fast 606 $aCrops$xNutrition$2fast 606 $aFertilizers$2fast 606 $aGeochemistry$2fast 606 $aSoil amendments$2fast 606 $aSoil chemistry$2fast 615 0$aCrops and soils. 615 0$aCrops$xNutrition. 615 0$aSoil chemistry. 615 0$aGeochemistry. 615 0$aFertilizers. 615 0$aSoil amendments. 615 7$aCrops and soils. 615 7$aCrops$xNutrition. 615 7$aFertilizers. 615 7$aGeochemistry. 615 7$aSoil amendments. 615 7$aSoil chemistry. 700 $aSeverson$b R. C$g(Ronald Charles),$f1945-$01402335 702 $aShacklette$b Hansford T. 712 02$aGeological Survey (U.S.), 801 0$bOCLCE 801 1$bOCLCE 801 2$bOCLCQ 801 2$bOCLCO 801 2$bOCLCF 801 2$bOCLCQ 801 2$bOCLCA 801 2$bCOP 801 2$bGPO 906 $aBOOK 912 $a9910690072503321 996 $aEssential elements and soil amendments for plants$93472599 997 $aUNINA LEADER 03629nam 22008055 450 001 9910637739203321 005 20251225171908.0 010 $a3-031-22365-9 024 7 $a10.1007/978-3-031-22365-5 035 $a(MiAaPQ)EBC7161569 035 $a(Au-PeEL)EBL7161569 035 $a(CKB)25793275700041 035 $a(PPN)268471665 035 $a(BIP)87041849 035 $a(BIP)86147413 035 $a(DE-He213)978-3-031-22365-5 035 $a(EXLCZ)9925793275700041 100 $a20221221d2022 u| 0 101 0 $aeng 135 $aurcnu|||||||| 181 $ctxt$2rdacontent 182 $cc$2rdamedia 183 $acr$2rdacarrier 200 10$aTheory of Cryptography $e20th International Conference, TCC 2022, Chicago, IL, USA, November 7?10, 2022, Proceedings, Part II /$fedited by Eike Kiltz, Vinod Vaikuntanathan 205 $a1st ed. 2022. 210 1$aCham :$cSpringer Nature Switzerland :$cImprint: Springer,$d2022. 215 $a1 online resource (813 pages) 225 1 $aLecture Notes in Computer Science,$x1611-3349 ;$v13748 311 08$aPrint version: Kiltz, Eike Theory of Cryptography Cham : Springer,c2023 9783031223648 320 $aIncludes bibliographical references and index. 327 $aEncryption -- Multi-party computation -- Protocols: key agreement and commitments -- Theory: sampling and friends -- Lattices -- Anonymity, Verfiability and robustness. 330 $aThe three-volume set LNCS 13747, LNCS 13748 and LNCS 13749 constitutes the refereed proceedings of the 20th International Conference on Theory of Cryptography, TCC 2022, held in Chicago, IL, USA, in November 2022. The total of 60 full papers presented in this three-volume set was carefully reviewed and selected from 139 submissions. They cover topics on post-quantum cryptography; interactive proofs; quantum cryptography; secret-sharing and applications; succinct proofs; identity-based encryption and functional encryption; attribute-based encryption and functional encryption; encryption; multi-party computation; protocols: key agreement and commitments; theory: sampling and friends; lattices; anonymity, verfiability and robustness; ORAM, OT and PIR; and theory. 410 0$aLecture Notes in Computer Science,$x1611-3349 ;$v13748 606 $aCryptography 606 $aData encryption (Computer science) 606 $aComputer networks 606 $aData structures (Computer science) 606 $aInformation theory 606 $aComputer engineering 606 $aData protection 606 $aCryptology 606 $aComputer Communication Networks 606 $aData Structures and Information Theory 606 $aComputer Engineering and Networks 606 $aSecurity Services 606 $aData and Information Security 615 0$aCryptography. 615 0$aData encryption (Computer science) 615 0$aComputer networks. 615 0$aData structures (Computer science) 615 0$aInformation theory. 615 0$aComputer engineering. 615 0$aData protection. 615 14$aCryptology. 615 24$aComputer Communication Networks. 615 24$aData Structures and Information Theory. 615 24$aComputer Engineering and Networks. 615 24$aSecurity Services. 615 24$aData and Information Security. 676 $a652.8 676 $a005.82 702 $aVaikuntanathan$b Vinod 702 $aKiltz$b Eike 801 0$bMiAaPQ 801 1$bMiAaPQ 801 2$bMiAaPQ 906 $aBOOK 912 $a9910637739203321 996 $aTheory of Cryptography$93000229 997 $aUNINA